01419pab a2200157 454500008004000000100002000040245009300060260000900153300001300162362000800175520097100183650003501154650001901189700002001208773003301228180718b2002 xxu||||| |||| 00| 0 eng d aKirlin, John K. aStrengthening effective government -citizen connections through greater civic engagement c2002 ap.80-85. aSep aCitizens are more frusting of government since the terrorist attacks ofr September 11, 2001, but their civic behaviors are little changed. One reason is that they mostly have been asked for monetary gifts to fund disaster relief and to serve others through existing nonprofit organizations. Available theoretical and empirical analyses suggest the three factors of motivation, skills, and network connections contribute to increased civic engagement, which is defined by behaviors such as seeking to persuade others to join in mobilizing commitment and resources to address a collective problem. Responses to 9/11 have not addressed these three factors. Increased civic engagement strengthens democracy and non cont ribute to the development of public judgment, which is critical to sustaining support of efforts to thwart terrorism. Success in any effort to increase civic engagement requires different strategies and actions by public officials. - Reproduced. aState security - United States aState security aKirlin, Mary K. aPublic Administration Review